Viac ako dve tretiny príjmov a výdavkov bude mať FNM na budúci rok vo vlastných dlhopisoch

Z obsahu: Fond národného majetku rozhodol o privatizácii Istrochemu. Rozšírenie zoznamov FNM. Viac ako dve tretiny príjmov a výdavkov bude mať FNM na budúci rok vo vlastných dlhopisoch.

Guardado en:
Detalles Bibliográficos
Autor principal: Hajko, J.
Formato: Capítulo de libro
Lenguaje:eslovaco
Materias:
Etiquetas: Agregar Etiqueta
Sin Etiquetas, Sea el primero en etiquetar este registro!

MARC

LEADER 00000naa a2200000 4500
001 r023115
005 20230921075818.7
041 0 |a slo 
044 |a SK 
245 1 0 |a Viac ako dve tretiny príjmov a výdavkov bude mať FNM na budúci rok vo vlastných dlhopisoch  |c J. Hajko 
520 |a Z obsahu: Fond národného majetku rozhodol o privatizácii Istrochemu. Rozšírenie zoznamov FNM. Viac ako dve tretiny príjmov a výdavkov bude mať FNM na budúci rok vo vlastných dlhopisoch. 
610 2 0 |a FNM SR Bratislava 
610 2 0 |a dlhopisy 
610 2 0 |a príjmy 
610 2 0 |a výdavky 
610 2 0 |a privatizácia 
100 1 |a Hajko, J.